LEADER 01689nam 2200469 450 001 9910707195003321 005 20160503112451.0 035 $a(CKB)5470000002461544 035 $a(OCoLC)948605063 035 $a(EXLCZ)995470000002461544 100 $a20160503j201602 ua 0 101 0 $aeng 135 $aurcn||||||||| 181 $ctxt$2rdacontent 182 $cc$2rdamedia 183 $acr$2rdacarrier 200 10$aExperimental verification of buffet calculation procedure using unsteady PSP /$fJayanta Panda 210 1$aMoffett Field, CA :$cNational Aeronautics and Space Administration, Ames Research Center,$dFebruary 2016. 215 $a1 online resource (19 pages) $ccolor illustrations 225 1 $aNASA/TM ;$v2016-219069 300 $aTitle from title screen (viewed May 3, 2016). 300 $a"February 2016." 320 $aIncludes bibliographical references (pages 18-19). 517 3 $aExperimental verification of buffet calculation procedure using unsteady pressure sensitive paint 606 $aBuffeting$2nasat 606 $aDynamic pressure$2nasat 606 $aPressure sensitive paints$2nasat 606 $aUnsteady aerodynamics$2nasat 606 $aVortex shedding$2nasat 615 7$aBuffeting. 615 7$aDynamic pressure. 615 7$aPressure sensitive paints. 615 7$aUnsteady aerodynamics. 615 7$aVortex shedding. 700 $aPanda$b J$g(Jayanta),$01401940 712 02$aAmes Research Center, 801 0$bGPO 801 1$bGPO 906 $aBOOK 912 $a9910707195003321 996 $aExperimental verification of buffet calculation procedure using unsteady PSP$93471398 997 $aUNINA